=LDR 00000nam 2200000 4500 =001 INLIS000000000012895 =005 20200211071854 =035 ##$$a 0010-061300000012895 =008 200211################g##########0#ind## =041 ##$$a Ind =082 ##$$a 005.365 =090 ##$$a 005.365, Mus b =100 ##$$a Mustafa Eq, zainal =245 1#$$a Belajar Cepat Linear programming dengan QS ( Quantitativ Systems ) /$c Mustafa Eq, zainal, Ali parkhan =260 ##$$a Yogyakarta :$b Ekonisia,$c 2000 =300 ##$$a Vii, 119 hlm : $b Ilus ; $c 19 x 24 cm =650 #4$$a Linear Programming dengan QS (Program komputer) =850 ##$$a NBPNMAT =020 ##$$a 979-9015-10-3 =084 ##$$a 005.365 MUS b =250 ##$$a Cet. 2 =700 #$$a Ali parkhan =504 ##$$a Bibliografi : hlm. 119 =990 ##$$a 1201100398 =990 ##$$a 10400992 =990 ##$$a 1201100398 =990 ##$$a 10400992